000
00301nam a2200109Ia 4500
001
588993
005
20250717120840.0
008
250717s9999 xx 000 0 und d
245
0
_a
U-10 DEDEMDEN HİKAYELER
_c
AYŞE PARLAKKILIÇ MUCAN
260
_b
TÜRKİYE DİYANET VAKFI YAYINLARI
_c
2020
300
_b
52
999
_c
588993
_d
588993